00777 a2200193 4500003000500000005001700005010001600022020001500038040000900053082001200062100002200074245006000096260004700156300006700203505024800270650002100518650001600539700002800555Nust20221017120313.0 a 86019751 a0827326629 cNust00a600,GOE1 aGoetsch, David L.10aTechnology and you /cDavid L. Goetsch, John A. Nelson. aAlbany, N.Y. :bDelmar Publishers,cc1987. axxiii, 456 p., [16] p. of plates :bill. (some col.) ;c24 cm. aPart 1: Overview Of Technology (Page-3), Part 2; The Physical Technologies (Page-79), Part 3: The Information Communication Technologies (Page-221), Part 4: The Biotechnologies (Page-317), Part 5: Issues And Outlooks In Technology (Page-687). 0aIndustrial arts. 0aTechnology.1 aNelson, John A.,d1935-